Otvorený prístup a licencie Creative Commons - nová forma publikovania vo vede, výskume a vzdelávaní
Nový prístup k publikovaniu vo vede a výskume – Open access. Vymedzenie a využitie politiky Open access. Využitie otvoreného prístupu vo vzdelávaní. Nová iniciatíva EÚ - otváranie systémov vzdelávania. Potreba novelizácie autorského zákona v SR v oblasti licenčných zmlúv. Licencia Creative Commons –...
Guardado en:
| Autor principal: | |
|---|---|
| Formato: | Capítulo de libro |
| Lenguaje: | eslovaco |
| Materias: | |
| Etiquetas: |
Sin Etiquetas, Sea el primero en etiquetar este registro!
|
MARC
| LEADER | 00000nla a2200000 4500 | ||
|---|---|---|---|
| 001 | 0184668 | ||
| 005 | 20240502073151.6 | ||
| 041 | 0 | |a slo | |
| 044 | |a SK | ||
| 245 | 1 | 0 | |a Otvorený prístup a licencie Creative Commons - nová forma publikovania vo vede, výskume a vzdelávaní |c Anna Ondrejková |
| 520 | |a Nový prístup k publikovaniu vo vede a výskume – Open access. Vymedzenie a využitie politiky Open access. Využitie otvoreného prístupu vo vzdelávaní. Nová iniciatíva EÚ - otváranie systémov vzdelávania. Potreba novelizácie autorského zákona v SR v oblasti licenčných zmlúv. Licencia Creative Commons – jej atribúty a rozšírenie. | ||
| 610 | 2 | 0 | |a vzdelávanie |
| 610 | 2 | 0 | |a vzdelávanie elektronické |
| 610 | 2 | 0 | |a zákony |
| 610 | 2 | 0 | |a právo autorské |
| 610 | 2 | 0 | |a novelizácia |
| 610 | 2 | 0 | |a veda |
| 610 | 2 | 0 | |a výskum |
| 610 | 2 | 0 | |a články |
| 610 | 2 | 0 | |a literatúra |
| 100 | 1 | |a Ondrejková, Anna | |